000 00718nam a2200193Ia 4500
003 IN-BaIIA
008 211028s9999 xx 000 0 eng d
040 _cIIA Library
080 _a550.3(047.1)
_bSTI-5
111 _aInternational Quiet Sun Year/Committee on Space Research Symposium
_cLondon
_d1967
_97796
245 0 _aSolar terrestrial physics
_bpt. 2, terrestrial aspects; proceedings of joint IQSY/COSPAR symposium held in London, 1967
_cedited by A. C. Stickland
260 _aCambridge
_bMIT Press
_c1969
300 _ax, 460p.
490 _aAnnals of the IQSY; v. 5
650 _aAstronomy and Astrophysics Thesaurus
650 _aTerrestrial Physics
_96135
700 _aStickland, A. C., ed.
942 _cBK
999 _c4463
_d4463